Sociální politika měsíčník Ministerstva práce a sociálních věcí České republiky

Gespeichert in:
Bibliographische Detailangaben
Format: Schriftenreihe
Sprache:Tschechisch
Veröffentlicht: Praha BMSS-Start 2003
Schlagworte:
Tags: Tag hinzufügen
Keine Tags, Fügen Sie das erste Tag hinzu!

MARC

LEADER 00000nas2a22000001 4500
001 0052841
005 20070202145233.5
022 |a 0049-0962 
041 0 |a cze 
044 |a CZ 
245 1 0 |a Sociální politika  |b měsíčník Ministerstva práce a sociálních věcí České republiky 
264 1 |a Praha  |b BMSS-Start  |c 2003 
773 0 |w eu_un_cat*s120022 
610 2 0 |a politika sociálna 
610 2 0 |a právo pracovné